00375nam a2200121Ia 4500020001800000082001800018245003800036260003000074300001500104504001900119650009400138700002100232 a1-4020-5350-9 a307.1416 HAN- 0aHandbook on urban sustainability aDordrechtbSpringerc2006 axxvii, 804 aincludes index aUrban ecology; Urban economics; Urban development; Urban management; Sociology, Urban aMunier, Nolberto